000 00208 a2200097 4500
001 37906
100 _aGala D
245 _aIncurable diseases
260 _aIndia
_bNavneet Pub
_c1996
090 _c24090
_d24090
942 _aNUST-CAE
_cM
_c15659
999 _c272979
_d272979